header

Time, tense and aspect in early Vedic grammar (Record no. 214768)

MARC details
000 -LEADER
fixed length control field 01518nam a2200361 a 4500
082 04 - DEWEY DECIMAL CLASSIFICATION NUMBER
Classification number 491/.29
100 1# - MAIN ENTRY--AUTHOR NAME
Personal name Dahl, Eystein.
245 10 - TITLE STATEMENT
Title Time, tense and aspect in early Vedic grammar
260 ## - PUBLICATION, DISTRIBUTION, ETC. (IMPRINT)
Place of publication Leiden ;
-- Boston :
Name of publisher Brill,
Year of publication 2010.
300 ## - PHYSICAL DESCRIPTION
Number of Pages xviii, 475 p. :
Other physical details ill.
490 1# - SERIES STATEMENT
Series statement Brill's studies in Indo-European languages & linguistics,
650 #0 - SUBJECT ADDED ENTRY--TOPICAL TERM
Topical Term Vedic language
Topical Term Vedic language
Topical Term Vedic language
856 40 - ELECTRONIC LOCATION AND ACCESS
Uniform Resource Identifier http://site.ebrary.com/lib/rucke/Doc?id=10470474

No items available.

© 2026 Rongo University
Contact us: librarian | system librarian | Rongo university